[Event "Cesenatico op 14th"]
[Site "Cesenatico"]
[Date "2010.09.06"]
[Round "8"]
[White "Tocchioni, Doriano"]
[Black "Massironi, Marco"]
[Result "1-0"]
[WhiteElo "2319"]
[BlackElo "2131"]
[PlyCount "63"]
[EventDate "2010.08.30"]
[EventType "swiss"]
[EventRounds "9"]
[EventCountry "ITA"]
[SourceTitle "CBM 138 Extra"]
[Source "ChessBase"]
[SourceDate "2010.10.29"]
[SourceVersion "1"]
[SourceVersionDate "2010.10.29"]
[SourceQuality "1"]

1. Nf3 d5 2. g3 Nf6 3. Bg2 c6 4. 0-0 Bf5 5. d3 h6 6. Nfd2 e5 7. c4 Be7 8. Qb3 Na6 9. cxd5 cxd5 10. Nc3 Nc5 11. Qd1 0-0 12. Nf3 e4 13. Nd4 Bg6 14. dxe4 dxe4 15. Bh3 Nd5 16. Nxd5 Qxd5 17. Nf5 Qd8 18. Bf4 Bxf5 19. Bxf5 Qxd1 20. Rfxd1 Bf6 21. Bd6 Rfe8 22. Bxc5 Re5 23. Bxe4 Rxe4 24. Rd2 b6 25. Be3 Rb4 26. Rb1 Rd8 27. Rxd8+ Bxd8 28. Rd1 Bf6 29. b3 a5 30. Rd6 a4 31. Rxb6 axb3 32. axb3 1-0

[Event "Montecatine Terme op 16th"]
[Site "Montecatini Terme"]
[Date "2009.12.??"]
[Round "1"]
[White "Tocchioni, Doriano"]
[Black "Melone, Antonio"]
[Result "1-0"]
[WhiteElo "2290"]
[BlackElo "1927"]
[PlyCount "77"]
[EventDate "2009.12.27"]
[EventType "swiss"]
[EventRounds "6"]
[EventCountry "ITA"]
[SourceTitle "EXT 2012"]
[Source "ChessBase"]
[SourceDate "2011.11.24"]
[SourceVersion "1"]
[SourceVersionDate "2011.11.24"]
[SourceQuality "1"]

1. d4 Nf6 2. Nf3 g6 3. Nc3 d5 4. Bg5 Bg7 5. Bxf6 Bxf6 6. e4 dxe4 7. Nxe4 Bg7 8. Bc4 0-0 9. c3 a6 10. h4 b5 11. Bb3 Bg4 12. h5 Bxh5 13. Neg5 Qd6 14. Nxh7 Rd8 15. Nhg5 e6 16. Nxf7 Kxf7 17. Ng5+ Ke7 18. Rxh5 gxh5 19. Qf3 Rf8 20. Qxa8 Nc6 21. Qxa6 Qh2 22. Qxc6 Qg1+ 23. Ke2 Qxf2+ 24. Kd3 Qg3+ 25. Nf3 Qxg2 26. Qxc7+ Ke8 27. Qc8+ Ke7 28. Qxe6+ Kd8 29. Qb6+ Kd7 30. Qxb5+ Kc7 31. Qc5+ Kd8 32. Qd6+ Kc8 33. Be6+ Kb7 34. Bd5+ Kc8 35. Qc6+ Kd8 36. Qa8+ Kc7 37. Qb7+ Kd8 38. Qb8+ Kd7 39. Ne5+ 1-0

[Event "Brescia op"]
[Site "Brescia"]
[Date "2009.06.09"]
[Round "4"]
[White "Rasmussen, Allan Stig"]
[Black "Tocchioni, Doriano"]
[Result "1-0"]
[WhiteElo "2501"]
[BlackElo "2321"]
[PlyCount "91"]
[EventDate "2009.06.06"]
[EventType "swiss"]
[EventRounds "9"]
[EventCountry "ITA"]
[SourceTitle "EXT 2010"]
[Source "ChessBase"]
[SourceDate "2010.11.25"]
[SourceVersion "1"]
[SourceVersionDate "2010.11.25"]
[SourceQuality "1"]

1. e4 Nc6 2. Nf3 d6 3. d4 Nf6 4. Nc3 d5 5. e5 Ne4 6. Bd3 Bf5 7. 0-0 e6 8. Ne2 Be7 9. Ne1 h6 10. f3 Ng5 11. c3 Qd7 12. Be3 Na5 13. b3 0-0-0 14. Qd2 Nc6 15. b4 f6 16. exf6 Bxf6 17. Bb5 Nf7 18. Nd3 Bxd3 19. Bxd3 Nd6 20. Bf2 g5 21. Nc1 e5 22. Nb3 exd4 23. cxd4 Qg7 24. Qc3 g4 25. fxg4 Ne4 26. Bxe4 dxe4 27. Rad1 Ne7 28. Qh3 Bg5 29. Nc5 Qg6 30. Rfe1 Nd5 31. Nxe4 Nxb4 32. Qb3 Nd5 33. Nc5 b6 34. Ne6 Rd7 35. Qf3 Qf6 36. Nxg5 hxg5 37. Re5 Rg8 38. Rf5 Qc6 39. Re1 Qc4 40. a3 c6 41. h3 a5 42. Kh2 a4 43. Rf8+ Rxf8 44. Qxf8+ Kc7 45. Re8 Qa2 46. Ra8 1-0

[Event "Pavia op"]
[Site "Pavia"]
[Date "2009.02.15"]
[Round "5"]
[White "Theissl Pokorna, Regina"]
[Black "Tocchioni, Doriano"]
[Result "0-1"]
[WhiteElo "2384"]
[BlackElo "2264"]
[PlyCount "94"]
[EventDate "2009.02.13"]
[EventType "swiss"]
[EventRounds "5"]
[EventCountry "ITA"]
[SourceTitle "CBM 129 Extra"]
[Source "ChessBase"]
[SourceDate "2009.05.05"]
[SourceVersion "2"]
[SourceVersionDate "2009.05.20"]
[SourceQuality "1"]

1. e4 Nc6 2. Nf3 d6 3. Nc3 Nf6 4. d4 d5 5. exd5 Nxd5 6. Nxd5 Qxd5 7. Be2 Bf5 8. 0-0 e6 9. Be3 Be7 10. c4 Qd6 11. d5 exd5 12. cxd5 Nb4 13. Nd4 Qxd5 14. Bc4 Qxc4 15. Nxf5 Bf6 16. Rc1 Qd5 17. Qg4 Nc6 18. Rfd1 h5 19. Qh3 Qe4 20. Bc5 Qg4 21. Qe3+ Be5 22. Ng3 Rd8 23. Re1 Kd7 24. h3 Qa4 25. Qd3+ Kc8 26. Qf5+ Kb8 27. Rxe5 Nxe5 28. Qxe5 h4 29. Nf1 f6 30. Qc3 Rd7 31. Qa3 Qxa3 32. Bxa3 Re8 33. Ne3 b6 34. Rc2 Re4 35. b3 Red4 36. Nf5 Rd1+ 37. Kh2 c5 38. Bc1 g5 39. Ne3 Re1 40. Bb2 f5 41. Bc3 Rb1 42. Be5+ Ka8 43. g3 hxg3+ 44. fxg3 Re1 45. Nc4 Rdd1 46. Ne3 Rxe3 47. Rf2 Rxe5 0-1

[Event "Pavia op"]
[Site "Pavia"]
[Date "2009.02.13"]
[Round "1"]
[White "Tocchioni, Doriano"]
[Black "Bentivegna, Francesco"]
[Result "1-0"]
[WhiteElo "2264"]
[BlackElo "2360"]
[PlyCount "79"]
[EventDate "2009.02.13"]
[EventType "swiss"]
[EventRounds "5"]
[EventCountry "ITA"]
[SourceTitle "CBM 129 Extra"]
[Source "ChessBase"]
[SourceDate "2009.05.05"]
[SourceVersion "2"]
[SourceVersionDate "2009.05.20"]
[SourceQuality "1"]

1. d4 Nf6 2. Nf3 c5 3. d5 e6 4. c4 b5 5. Nc3 b4 6. Na4 exd5 7. cxd5 d6 8. a3 bxa3 9. Rxa3 Be7 10. Nc3 0-0 11. e4 Nbd7 12. h3 Re8 13. Bd3 a5 14. 0-0 Ba6 15. Re1 Bxd3 16. Qxd3 Qb8 17. Re2 Nb6 18. Qb5 Nfd7 19. Bf4 Bf6 20. Kh2 g6 21. Re1 a4 22. Ra2 Ne5 23. Nxe5 Bxe5 24. Bxe5 Rxe5 25. b4 cxb4 26. Qxb4 Nd7 27. Qxb8+ Rxb8 28. Rxa4 Rb3 29. Rc4 Kg7 30. Ra1 Rb2 31. f4 Re8 32. Ra7 Nc5 33. e5 Rb7 34. Rxb7 Nxb7 35. Rc7 Nd8 36. Rd7 dxe5 37. fxe5 Kh6 38. Nb5 Rf8 39. Nd6 Kg7 40. e6 1-0

[Event "Ancona Adriatico op"]
[Site "Ancona"]
[Date "2009.01.08"]
[Round "8"]
[White "Bellia, Fabrizio"]
[Black "Tocchioni, Doriano"]
[Result "1-0"]
[WhiteElo "2413"]
[BlackElo "2264"]
[PlyCount "37"]
[EventDate "2009.01.02"]
[EventType "swiss"]
[EventRounds "9"]
[EventCountry "ITA"]
[SourceTitle "CBM 128 Extra"]
[Source "ChessBase"]
[SourceDate "2009.03.05"]
[SourceVersion "2"]
[SourceVersionDate "2009.03.25"]
[SourceQuality "1"]

1. e4 Nc6 2. Nf3 d6 3. d4 Nf6 4. Nc3 Bg4 5. d5 Bxf3 6. Qxf3 Ne5 7. Qg3 a6 8. f4 Ng6 9. Bd3 Qd7 10. 0-0 Qg4 11. Qf2 Qc8 12. e5 Nd7 13. Qg3 c6 14. e6 Nf6 15. Bf5 Kd8 16. Be3 Kc7 17. Qh3 fxe6 18. Bxg6 Nxd5 19. Bf7 1-0

[Event "Ancona Adriatico op"]
[Site "Ancona"]
[Date "2009.01.05"]
[Round "5"]
[White "Tocchioni, Doriano"]
[Black "Kizov, Atanas"]
[Result "1/2-1/2"]
[WhiteElo "2264"]
[BlackElo "2404"]
[PlyCount "73"]
[EventDate "2009.01.02"]
[EventType "swiss"]
[EventRounds "9"]
[EventCountry "ITA"]
[SourceTitle "CBM 128 Extra"]
[Source "ChessBase"]
[SourceDate "2009.03.05"]
[SourceVersion "2"]
[SourceVersionDate "2009.03.25"]
[SourceQuality "1"]

1. d4 d5 2. Nf3 c5 3. c4 dxc4 4. d5 e6 5. e4 exd5 6. exd5 Nf6 7. Bxc4 Bd6 8. 0-0 0-0 9. Bg5 h6 10. Bh4 a6 11. a4 Bg4 12. Nc3 Nbd7 13. Be2 Qc7 14. Bg3 Rfe8 15. Qb3 Rab8 16. Rad1 Ne4 17. Rfe1 Ndf6 18. Qc2 Bxg3 19. hxg3 Rbd8 20. Bc4 Nd6 21. b3 Qa5 22. Qd2 Qb4 23. Nb1 Qxd2 24. Rxe8+ Rxe8 25. Nbxd2 b5 26. axb5 axb5 27. Bf1 Nxd5 28. Nc4 bxc4 29. Rxd5 c3 30. Rxc5 Ne4 31. Rc7 Rd8 32. Ne5 Be6 33. Bd3 Rd5 34. Bxe4 Rxe5 35. Rc4 f5 36. Bd3 f4 37. Rxc3 1/2-1/2

[Event "Ancona Adriatico op"]
[Site "Ancona"]
[Date "2009.01.02"]
[Round "1"]
[White "Tocchioni, Doriano"]
[Black "Jakovljevic, Vlado"]
[Result "1/2-1/2"]
[WhiteElo "2264"]
[BlackElo "2420"]
[PlyCount "56"]
[EventDate "2009.01.02"]
[EventType "swiss"]
[EventRounds "9"]
[EventCountry "ITA"]
[SourceTitle "CBM 128 Extra"]
[Source "ChessBase"]
[SourceDate "2009.03.05"]
[SourceVersion "2"]
[SourceVersionDate "2009.03.25"]
[SourceQuality "1"]

1. d4 d5 2. Nf3 Nf6 3. g3 g6 4. Bg2 Bg7 5. 0-0 0-0 6. c4 dxc4 7. Qc2 Nc6 8. Qxc4 Nd7 9. Rd1 Nb6 10. Qc5 Qd6 11. Qxd6 cxd6 12. Nc3 Bg4 13. Rb1 Rac8 14. Bg5 h6 15. Be3 Nc4 16. Nd2 Nxe3 17. fxe3 b6 18. Rbc1 Rfe8 19. Kf2 Bd7 20. Be4 Red8 21. a3 e5 22. d5 Nb8 23. Bd3 f5 24. e4 Rc5 25. b4 Rc7 26. Nb5 Rxc1 27. Rxc1 Bxb5 28. Bxb5 Nd7 1/2-1/2

[Event "Assisi op-A 4th"]
[Site "Assisi"]
[Date "2008.12.22"]
[Round "9"]
[White "Tocchioni, Doriano"]
[Black "Vuelban, Virgilio"]
[Result "1-0"]
[WhiteElo "2259"]
[BlackElo "2390"]
[PlyCount "32"]
[EventDate "2008.12.18"]
[EventType "swiss"]
[EventRounds "9"]
[EventCountry "ITA"]
[SourceTitle "CBM 127 Extra"]
[Source "ChessBase"]
[SourceDate "2009.01.08"]
[SourceVersion "2"]
[SourceVersionDate "2009.01.28"]
[SourceQuality "1"]

1. d4 Nf6 2. Nf3 g6 3. Nc3 d5 4. Bg5 Bg7 5. Bxf6 Bxf6 6. g3 0-0 7. Bg2 Re8 8. 0-0 c6 9. e3 Nd7 10. Ne1 Nb6 11. Nd3 Nc4 12. b3 Nd6 13. a4 Bf5 14. a5 a6 15. Qd2 h5 16. Nc5 Qc7 1-0

[Event "Assisi op-A 4th"]
[Site "Assisi"]
[Date "2008.12.22"]
[Round "8"]
[White "Vocaturo, Daniele"]
[Black "Tocchioni, Doriano"]
[Result "1-0"]
[WhiteElo "2383"]
[BlackElo "2259"]
[PlyCount "57"]
[EventDate "2008.12.18"]
[EventType "swiss"]
[EventRounds "9"]
[EventCountry "ITA"]
[SourceTitle "CBM 127 Extra"]
[Source "ChessBase"]
[SourceDate "2009.01.08"]
[SourceVersion "2"]
[SourceVersionDate "2009.01.28"]
[SourceQuality "1"]

1. e4 Nc6 2. d4 d5 3. Nc3 e5 4. Bb5 Bb4 5. Bd2 Nf6 6. dxe5 Bxc3 7. exf6 Bxf6 8. Bb4 Be6 9. Qe2 Be7 10. Bc3 dxe4 11. Qxe4 0-0 12. Ne2 Qd4 13. Bd3 Qxe4 14. Bxe4 Bb4 15. Bxc6 Bxc3+ 16. Nxc3 bxc6 17. 0-0-0 Rfe8 18. Rhe1 Rad8 19. Rxd8 Rxd8 20. Re5 Kf8 21. Ra5 Ra8 22. Ra6 Bd7 23. b4 Ke7 24. a3 Kd6 25. Nb5+ Ke5 26. Nxc7 Rd8 27. Rxa7 Bg4 28. f3 Bh5 29. Ra5+ 1-0

[Event "Assisi op-A 4th"]
[Site "Assisi"]
[Date "2008.12.20"]
[Round "4"]
[White "Aleksic, Nenad"]
[Black "Tocchioni, Doriano"]
[Result "1/2-1/2"]
[WhiteElo "2376"]
[BlackElo "2259"]
[PlyCount "32"]
[EventDate "2008.12.18"]
[EventType "swiss"]
[EventRounds "9"]
[EventCountry "ITA"]
[SourceTitle "CBM 127 Extra"]
[Source "ChessBase"]
[SourceDate "2009.01.08"]
[SourceVersion "2"]
[SourceVersionDate "2009.01.28"]
[SourceQuality "1"]

1. e4 Nc6 2. Nf3 d6 3. d4 Bg4 4. Bb5 a6 5. Bxc6+ bxc6 6. Nc3 Nf6 7. h3 Bxf3 8. Qxf3 e6 9. e5 Nd5 10. 0-0 Be7 11. Ne4 0-0 12. a3 a5 13. a4 Kh8 14. Qe2 c5 15. exd6 cxd6 16. dxc5 dxc5 1/2-1/2

[Event "Florence Weekend op 2nd"]
[Site "Florence"]
[Date "2007.10.28"]
[Round "5"]
[White "Tocchioni, Doriano"]
[Black "De Filomeno, Simone"]
[Result "1-0"]
[WhiteElo "2290"]
[BlackElo "2045"]
[PlyCount "87"]
[EventDate "2007.10.26"]
[EventType "swiss"]
[EventRounds "6"]
[EventCountry "ITA"]
[SourceTitle "EXT 2010"]
[Source "ChessBase"]
[SourceDate "2010.11.25"]
[SourceVersion "1"]
[SourceVersionDate "2010.11.25"]
[SourceQuality "1"]

1. d4 Nf6 2. Nf3 g6 3. c3 Bg7 4. Bg5 d5 5. Nbd2 Bf5 6. h3 0-0 7. g4 Be4 8. Bg2 c5 9. e3 Nbd7 10. 0-0 Re8 11. Bxf6 Nxf6 12. g5 Nh5 13. Nxe4 dxe4 14. Nd2 e5 15. dxc5 Qxg5 16. Nxe4 Qe7 17. Nd6 Red8 18. Bd5 Nf6 19. b4 e4 20. Rc1 Nxd5 21. Qxd5 Be5 22. Rfd1 Qg5+ 23. Kf1 Rxd6 24. cxd6 Qf5 25. Ke1 Rd8 26. d7 Kg7 27. Qxb7 Qf3 28. Qb5 Bg3 29. Qe2 Qh1+ 30. Qf1 Qf3 31. fxg3 Qxe3+ 32. Qe2 Qxg3+ 33. Qf2 Qxh3 34. Qd4+ Kf8 35. Qh8+ Ke7 36. Qe5+ Kf8 37. Qxe4 Qg3+ 38. Kf1 Qh3+ 39. Qg2 Qf5+ 40. Kg1 h5 41. Rf1 Qxd7 42. Qxg6 Qe7 43. Rxf7+ Qxf7 44. Rf1 1-0

[Event "Florence Weekend op 2nd"]
[Site "Florence"]
[Date "2007.10.26"]
[Round "2"]
[White "Ljubisavljevic, Zivojin Z"]
[Black "Tocchioni, Doriano"]
[Result "0-1"]
[WhiteElo "2319"]
[BlackElo "2290"]
[PlyCount "98"]
[EventDate "2007.10.26"]
[EventType "swiss"]
[EventRounds "6"]
[EventCountry "ITA"]
[SourceTitle "EXT 2010"]
[Source "ChessBase"]
[SourceDate "2010.11.25"]
[SourceVersion "1"]
[SourceVersionDate "2010.11.25"]
[SourceQuality "1"]

1. e4 c6 2. d4 d5 3. Nc3 a6 4. e5 Bf5 5. Nge2 e6 6. Ng3 Bg6 7. h4 h6 8. h5 Bh7 9. Bd3 Bxd3 10. Qxd3 c5 11. f4 Nc6 12. Nce2 cxd4 13. Nxd4 Nxd4 14. Qxd4 Ne7 15. Be3 Nc6 16. Qb6 d4 17. Qxd8+ Rxd8 18. Bd2 f6 19. exf6 gxf6 20. 0-0 f5 21. Rf3 Bc5 22. Kf1 Rg8 23. Nh1 Rg4 24. g3 Rg7 25. Nf2 Rc7 26. Re1 Kf7 27. g4 Bb4 28. Bxb4 Nxb4 29. gxf5 exf5 30. Re5 Rxc2 31. Rxf5+ Ke6 32. Re5+ Kd7 33. a3 Nc6 34. Re2 Rc5 35. f5 Rf8 36. f6 Rxh5 37. Nd3 Rg5 38. b4 b6 39. a4 h5 40. Rg2 Rxg2 41. Kxg2 Ke6 42. a5 bxa5 43. Nc5+ Kf7 44. bxa5 Rd8 45. Rb3 Ne5 46. Ne4 d3 47. Rb2 Rd4 48. Rb7+ Ke6 49. Re7+ Kf5 0-1

[Event "Trieste op 09th"]
[Site "Trieste"]
[Date "2007.09.05"]
[Round "6"]
[White "Elias, Leonardo"]
[Black "Tocchioni, Doriano"]
[Result "1-0"]
[WhiteElo "2122"]
[BlackElo "2265"]
[PlyCount "103"]
[EventDate "2007.09.01"]
[EventType "swiss"]
[EventRounds "9"]
[EventCountry "ITA"]
[SourceTitle "CBM 120 Extra"]
[Source "ChessBase"]
[SourceDate "2007.11.01"]
[SourceVersion "1"]
[SourceVersionDate "2007.11.01"]
[SourceQuality "1"]

1. e4 c6 2. d4 d5 3. exd5 cxd5 4. Bd3 Nf6 5. c3 Bg4 6. Qa4+ Nbd7 7. Bf4 Qb6 8. Qb3 Nh5 9. Bg3 Qh6 10. Ne2 Nxg3 11. fxg3 Qe3 12. Qc2 e5 13. Qd2 exd4 14. cxd4 Qxd2+ 15. Kxd2 0-0-0 16. Nbc3 Nf6 17. h3 Bd7 18. Rhf1 Kb8 19. g4 h6 20. Nf4 Bc6 21. Nh5 Ne4+ 22. Bxe4 dxe4 23. Ke3 Be7 24. Rad1 Bg5+ 25. Ke2 g6 26. Nf6 b6 27. Nfxe4 Rhe8 28. Kd3 Rxe4 29. Nxe4 Bb5+ 30. Kc2 Bxf1 31. Rxf1 Be3 32. Rxf7 Bxd4 33. b3 Be5 34. Re7 Bf4 35. Re6 Rg8 36. Kd3 Rg7 37. Nf6 Kc8 38. Nd5 Bg5 39. Ke4 Kd7 40. Ke5 Bc1 41. Rd6+ Ke8 42. Ke6 Bg5 43. Nf6+ Bxf6 44. Kxf6 Rf7+ 45. Kxg6 Rf2 46. Kxh6 Rxg2 47. g5 Rxa2 48. g6 Rh2 49. Rd3 Rg2 50. g7 Kf7 51. Rf3+ Ke7 52. Kh7 1-0

[Event "Trieste op 09th"]
[Site "Trieste"]
[Date "2007.09.02"]
[Round "2"]
[White "Brunello, Sabino"]
[Black "Tocchioni, Doriano"]
[Result "1-0"]
[WhiteElo "2475"]
[BlackElo "2265"]
[PlyCount "103"]
[EventDate "2007.09.01"]
[EventType "swiss"]
[EventRounds "9"]
[EventCountry "ITA"]
[SourceTitle "CBM 120 Extra"]
[Source "ChessBase"]
[SourceDate "2007.11.01"]
[SourceVersion "1"]
[SourceVersionDate "2007.11.01"]
[SourceQuality "1"]

1. e4 c6 2. d4 d5 3. e5 Bf5 4. Nf3 e6 5. Be2 Nd7 6. 0-0 a6 7. b3 Bg6 8. c4 Ne7 9. Nc3 Nf5 10. g4 Nh4 11. Nxh4 Qxh4 12. c5 h5 13. g5 Qh3 14. Bd2 Bd3 15. f3 Qf5 16. Be3 Bxe2 17. Nxe2 h4 18. Qb1 Be7 19. Qxf5 exf5 20. f4 Nf8 21. Rf3 Ng6 22. Nc3 Kd7 23. Kf2 Bd8 24. Ke2 Ba5 25. Na4 Rae8 26. Rf2 Re6 27. Rb1 Bd8 28. b4 Nf8 29. Nb2 Rg6 30. a4 Ne6 31. Nd3 b5 32. cxb6 Bxb6 33. Nc5+ Bxc5 34. bxc5 f6 35. gxf6 gxf6 36. exf6 Rxf6 37. Rb7+ Kd8 38. Rb6 Nc7 39. Rg2 Re8 40. Kf3 Rfe6 41. Bf2 Kd7 42. Rg5 Rf6 43. Rg7+ Kc8 44. Rh7 Rfe6 45. Rxh4 Kd7 46. Rh5 Re4 47. Rxf5 Ne6 48. Rf7+ Re7 49. Rb7+ Nc7 50. Rxe7+ Rxe7 51. f5 Kc8 52. Rb6 1-0

[Event "Bratto op-A 27th"]
[Site "Bratto"]
[Date "2007.08.31"]
[Round "9"]
[White "Tocchioni, Doriano"]
[Black "Efimov, Igor"]
[Result "0-1"]
[WhiteElo "2261"]
[BlackElo "2426"]
[PlyCount "70"]
[EventDate "2007.08.23"]
[EventType "swiss"]
[EventRounds "9"]
[EventCountry "ITA"]
[SourceTitle "CBM 120 Extra"]
[Source "ChessBase"]
[SourceDate "2007.11.01"]
[SourceVersion "1"]
[SourceVersionDate "2007.11.01"]
[SourceQuality "1"]

1. d4 e6 2. Nf3 c5 3. g3 cxd4 4. Nxd4 Qb6 5. Bg2 Bc5 6. e3 Nc6 7. c3 d5 8. 0-0 Nf6 9. a4 0-0 10. a5 Qc7 11. b4 Be7 12. Qb3 e5 13. Nxc6 bxc6 14. Ba3 Rb8 15. Nd2 e4 16. Rfc1 Qe5 17. Qd1 h5 18. Qe1 h4 19. f4 Qh5 20. h3 hxg3 21. Qxg3 Ne8 22. Nf1 Nd6 23. Qh2 Nc4 24. Rc2 Rd8 25. Ng3 Qh4 26. Re2 Bf6 27. Bc1 Bxc3 28. Rb1 Rxb4 29. Rxb4 Bxb4 30. Rc2 Bxa5 31. Bf1 Rd6 32. Nxe4 dxe4 33. Rxc4 Rg6+ 34. Kh1 Ba6 35. f5 Rg3 0-1

[Event "Bratto op-A 27th"]
[Site "Bratto"]
[Date "2007.08.29"]
[Round "7"]
[White "Tocchioni, Doriano"]
[Black "Schaefer, Markus"]
[Result "1-0"]
[WhiteElo "2261"]
[BlackElo "2411"]
[PlyCount "115"]
[EventDate "2007.08.23"]
[EventType "swiss"]
[EventRounds "9"]
[EventCountry "ITA"]
[SourceTitle "CBM 120 Extra"]
[Source "ChessBase"]
[SourceDate "2007.11.01"]
[SourceVersion "1"]
[SourceVersionDate "2007.11.01"]
[SourceQuality "1"]

1. d4 Nf6 2. Nf3 g6 3. Bg5 Bg7 4. Nbd2 0-0 5. c3 d6 6. e4 Qe8 7. h3 e5 8. dxe5 dxe5 9. Bc4 h6 10. Be3 b6 11. g4 Be6 12. Qb3 Nc6 13. Bxe6 Qxe6 14. Qxe6 fxe6 15. g5 hxg5 16. Nxg5 Rae8 17. 0-0-0 Nh5 18. Kc2 Nd4+ 19. Kb1 Re7 20. Rde1 Nb5 21. Rhg1 Nd6 22. Rg4 Nf4 23. Kc2 Rf6 24. Ndf3 Nxh3 25. Rh1 Nxg5 26. Bxg5 Rxf3 27. Bxe7 Rxf2+ 28. Kb3 Kf7 29. Bxd6 cxd6 30. Rhg1 Bf6 31. Rxg6 d5 32. R6g4 Re2 33. Rh1 Ke7 34. Rh7+ Kd6 35. Rxa7 dxe4 36. Rf7 Rf2 37. Rxe4 Kd5 38. Re1 e4 39. Rd7+ Kc6 40. Rdd1 Rf4 41. Re2 e5 42. Kc2 Bh4 43. a4 Bf2 44. b4 e3 45. Rd8 Rh4 46. Kd3 Rh1 47. Ke4 Ra1 48. b5+ Kc7 49. Ra8 Kb7 50. Re8 Rc1 51. Re7+ Kb8 52. Kd3 Ra1 53. Kc4 Rxa4+ 54. Kd5 Ra3 55. c4 Rd3+ 56. Kc6 Rd2 57. Re8+ Ka7 58. c5 1-0

[Event "Bratto op-A 27th"]
[Site "Bratto"]
[Date "2007.08.27"]
[Round "5"]
[White "Tocchioni, Doriano"]
[Black "Bellia, Fabrizio"]
[Result "1-0"]
[WhiteElo "2261"]
[BlackElo "2405"]
[PlyCount "91"]
[EventDate "2007.08.23"]
[EventType "swiss"]
[EventRounds "9"]
[EventCountry "ITA"]
[SourceTitle "CBM 120 Extra"]
[Source "ChessBase"]
[SourceDate "2007.11.01"]
[SourceVersion "1"]
[SourceVersionDate "2007.11.01"]
[SourceQuality "1"]

1. d4 d5 2. Nf3 Nf6 3. g3 e6 4. Bg2 Be7 5. 0-0 0-0 6. c4 dxc4 7. Ne5 c5 8. dxc5 Qc7 9. c6 Nxc6 10. Nxc6 bxc6 11. Qa4 Nd5 12. Qxc4 Rb8 13. a3 Qb6 14. Rd1 Ba6 15. Qc2 Rfd8 16. Bf1 Bf6 17. Nd2 Bg5 18. Nc4 Bxc4 19. Bxg5 Bb3 20. Bxd8 Rxd8 21. Qd2 Bxd1 22. Rxd1 Rb8 23. b4 c5 24. bxc5 Qxc5 25. e4 Nf6 26. Qd8+ Qf8 27. Qc7 Ra8 28. Qb7 a5 29. a4 h6 30. Bg2 e5 31. Qc7 Qe8 32. Ra1 Kf8 33. h3 Qe7 34. Qc3 Qd6 35. Bf3 Ra7 36. Rb1 Qd4 37. Rb8+ Ke7 38. Qc8 g6 39. Qf8+ Ke6 40. Qxh6 Rd7 41. Qf8 Qa7 42. Ra8 Qc7 43. Kg2 Qb7 44. Rxa5 Nxe4 45. Rb5 Qc6 46. Qe8+ 1-0

[Event "Bratto op-A 27th"]
[Site "Bratto"]
[Date "2007.08.26"]
[Round "4"]
[White "Tramalloni, Luca"]
[Black "Tocchioni, Doriano"]
[Result "0-1"]
[WhiteElo "2111"]
[BlackElo "2261"]
[PlyCount "86"]
[EventDate "2007.08.23"]
[EventType "swiss"]
[EventRounds "9"]
[EventCountry "ITA"]
[SourceTitle "CBM 120 Extra"]
[Source "ChessBase"]
[SourceDate "2007.11.01"]
[SourceVersion "1"]
[SourceVersionDate "2007.11.01"]
[SourceQuality "1"]

1. d4 Nf6 2. c4 e6 3. g3 c5 4. Nf3 d5 5. cxd5 Nxd5 6. Bg2 Nc6 7. 0-0 Be7 8. dxc5 Bxc5 9. Nbd2 Qe7 10. Nb3 Bb6 11. Nbd4 0-0 12. Nxc6 bxc6 13. Qa4 Bd7 14. Ne5 Be8 15. b3 f6 16. Nd3 c5 17. Qc4 Rc8 18. Ba3 Bf7 19. Rac1 Rfd8 20. Bxc5 Bxc5 21. Nxc5 e5 22. Qb5 f5 23. e4 Nc7 24. Qe2 f4 25. Bh3 Ne6 26. Nxe6 Bxe6 27. Bxe6+ Qxe6 28. gxf4 exf4 29. f3 Qb6+ 30. Kh1 h6 31. Rfe1 Qd4 32. Rcd1 Qc3 33. e5 Rxd1 34. Qxd1 Qc6 35. Qe2 g5 36. e6 Re8 37. Kg2 Qd5 38. Qe4 Qxe4 39. Rxe4 Re7 40. h4 Kg7 41. hxg5 hxg5 42. Kh3 Kf6 43. Kg4 Rh7 0-1